Central Library OPAC University of Rajshahi

First Census of Pakistan, 1951 : (Record no. 62879)

MARC details
000 -LEADER
fixed length control field 01126nam a2200277 a 4500
001 - CONTROL NUMBER
control field 62879
003 - CONTROL NUMBER IDENTIFIER
rucl marc code BD-RjUL
005 - DATE AND TIME OF LATEST TRANSACTION
control field 20211209081133.0
008 - FIXED-LENGTH DATA ELEMENTS--GENERAL INFORMATION
fixed length control field 170126s1952 pk ||||||||s|o00| 0 eng d
035 ## - SYSTEM CONTROL NUMBER
System control number (BD-RjUL)63007
040 ## - CATALOGING SOURCE
Original cataloging agency BD-RjUL
Language of cataloging eng
Transcribing agency BD-RjUL
Modifying agency BD-RjUL
041 ## - LANGUAGE CODE
Language code of text/sound track or separate title eng
082 ## - DEWEY DECIMAL CLASSIFICATION NUMBER
Edition number 23
Classification number 304.609549021
Author mark and year CHI 1952 (VL)
110 1# - MAIN ENTRY--CORPORATE NAME
Corporate name or jurisdiction name as entry element East Bengal.
Subordinate unit office of the Census Superintendent.
9 (RLIN) 186690
245 10 - TITLE STATEMENT
Title First Census of Pakistan, 1951 :
Remainder of title Chittagong District : village lists /
Statement of responsibility, etc. East Bengal. office of the Census Superintendent ; H. H. Nomani, [comp.]
246 ## - VARYING FORM OF TITLE
Title proper/short title Census of Pakistan, 1951 :
Remainder of title East Bengal : Village list of Chittagong District .
260 ## - PUBLICATION, DISTRIBUTION, ETC. (IMPRINT)
Place of publication, distribution, etc. Karachi:
Name of publisher, distributor, etc. Manager of Publications,
Date of publication, distribution, etc. [1952]
300 ## - PHYSICAL DESCRIPTION
Pagination [2], 54 p. ;
Size 25 cm.
490 ## - SERIES STATEMENT
Series statement Census 51 ;
Volume/sequential designation No. 30A (16)
500 ## - GENERAL NOTE
General note " chiefly statistical data"
651 ## - SUBJECT ADDED ENTRY--GEOGRAPHIC NAME
Geographic name East Bengal (Bangladesh)
Geographic subdivision Chittagong
Form subdivision census,1951
9 (RLIN) 186965
Geographic name East Bengal (Bangladesh)
Geographic subdivision Chittagong
General subdivision Population
Form subdivision Statistics
Chronological subdivision 1951
9 (RLIN) 186966
700 ## - ADDED ENTRY--PERSONAL NAME
Personal name Nomani, H. H. , [comp.]
830 ## - SERIES ADDED ENTRY--UNIFORM TITLE
Uniform title Census 51 ;
Volume number/sequential designation No. 30A (16)
942 ## - ADDED ENTRY ELEMENTS (KOHA)
Source of classification or shelving scheme Dewey Decimal Classification
Koha item type Rare Books
Holdings
Lost status Source of classification or shelving scheme Damaged status Not for loan Collection code Permanent Location Current Location Shelving location Date acquired Total Checkouts Full call number Date last seen Copy number Koha item type
  Dewey Decimal Classification   Not For Loan Rare Books Central Library, University of Rajshahi Central Library, University of Rajshahi Rare Book Section 26/01/2017   RA 304.609549021 CHI 1952(VL) 26/01/2017 C-1 Rare Books
  Dewey Decimal Classification   Not For Loan Rare Books Central Library, University of Rajshahi Central Library, University of Rajshahi Rare Book Section 26/01/2017   RA 304.609549021 CHI 1952(VL) 26/01/2017 C-2 Rare Books